Southville International School and Colleges
Your cart is empty.
  • Cart
  • Lists
    Public lists Eva Luna New books Lux_list list_1
    Your lists Log in to create your own lists
  • Log in to your account
  • Your cookies
  • Search history
Southville International School and Colleges
  • Advanced search
  • Recent comments
  • Most popular
  • Libraries

Log in to your account

Log in with GOOGLE


If you do not have an external account, but do have a local account, you can still log in:

  1. Home
  2. MARC view: Chicken-licken /
Normal view MARC view ISBD view

Chicken-licken / (Record no. 104363)

[ view plain ]
MARC details
000 -LEADER
fixed length control field 00554nam a2200181 a 4500
005 - DATE AND TIME OF LATEST TRANSACTION
control field 20140412111320.0
008 - FIXED-LENGTH DATA ELEMENTS--GENERAL INFORMATION
fixed length control field 001219s19uu xx 00 eng d
020 ## - INTERNATIONAL STANDARD BOOK NUMBER
International Standard Book Number 1-85534-586-2
050 ## - LIBRARY OF CONGRESS CALL NUMBER
Classification number ER
Item number Ch432 1993
100 ## - MAIN ENTRY--PERSONAL NAME
Personal name Hamilton, Judy
245 ## - TITLE STATEMENT
Title Chicken-licken /
Statement of responsibility, etc retold by Judy Hamilton ; illustrated by R. James Binnie.
260 ## - PUBLICATION, DISTRIBUTION, ETC. (IMPRINT)
Place of publication, distribution, etc New Lanark, Scotland :
Name of publisher, distributor, etc Tarantula Books,
Date of publication, distribution, etc 1993.
300 ## - PHYSICAL DESCRIPTION
Extent 1 v. (unp.) ; ill.
650 ## - SUBJECT ADDED ENTRY--TOPICAL TERM
Topical term or geographic name as entry element Chicken stories -- Fiction
650 ## - SUBJECT ADDED ENTRY--TOPICAL TERM
Topical term or geographic name as entry element Children's stories - Fiction
Holdings
Withdrawn status Lost status Damaged status Use restrictions Home library Current library Shelving location Date acquired Source of acquisition Total Checkouts Full call number Barcode Date last seen Price effective from Koha item type
        Elizalde Library Elizalde Library Easy Reading Section 12/19/2000     ER Ch432 1993 E7484 04/12/2014 04/12/2014 Books
        Elizalde Library Elizalde Library Easy Reading Section 09/24/2001     ER Ch432 1993 E3529 04/12/2014 04/12/2014 Books

Chicken-licken /

APA

Hamilton J., . (1993). Chicken-licken. New Lanark, Scotland: Tarantula Books.

Chicago

Hamilton Judy, . 1993. Chicken-licken. New Lanark, Scotland: Tarantula Books.

Harvard

Hamilton J., . (1993). Chicken-licken. New Lanark, Scotland: Tarantula Books.

MLA

Hamilton Judy, . Chicken-licken. New Lanark, Scotland: Tarantula Books. 1993.

  • Place hold
  • Print
  • Cite
  • Add to your cart (remove)
  • Save record
    BIBTEX Dublin Core MARCXML MARC (non-Unicode/MARC-8) MARC (Unicode/UTF-8) MARC (Unicode/UTF-8, Standard) MODS (XML) RIS
  • More searches
    Search for this title in:
    Other Libraries (WorldCat) Other Databases (Google Scholar) Online Stores (Bookfinder.com) Open Library (openlibrary.org)

Exporting to Dublin Core...

SOUTHVILLE LIBRARY

Southville International School and Colleges Library

1281 Tropical Ave. Cor. Luxembourg St., BF Homes International, Las Pinas City

Tel. No. 8256374 / 252358 Loc. 117/146

Powered by Koha